Το πρώτο φύλο

Αποθηκεύτηκε σε:
Λεπτομέρειες βιβλιογραφικής εγγραφής
Κύριος συγγραφέας: Davis, Elizabeth Gould, 1910-1974
Μορφή: Βιβλίο
Γλώσσα:Greek
English
Δημοσίευση: Αθήνα : Νέα Σύνορα, 1982.
Σειρά:Φεμινιστική σειρά ; 1
Θέματα:
Ετικέτες: Προσθήκη ετικέτας
Δεν υπάρχουν, Καταχωρήστε ετικέτα πρώτοι!

MARC

LEADER 00000cam a2200000 i 4500
001 1/73330
008 960509s1982 gr | ||| |||| ||gre||
035 |a 1989  |b 2  |c Δωρεά  |l 10031487 
040 |a GR-MyUa  |b gre  |e AACR2 
041 1 |a gre  |h eng 
082 7 |a 305.42   |2 (22) 
100 1 |a Davis, Elizabeth Gould,   |d 1910-1974. 
245 1 3 |a Το πρώτο φύλο /   |c Elizabeth Gould Davis. 
260 |a Αθήνα :   |b Νέα Σύνορα,   |c 1982. 
300 |a 475 σ. 
490 1 |a (Φεμινιστική σειρά ;   |v 1) 
650 0 |a Women  |x History. 
650 0 |a Women  |x Social conditions. 
650 0 |a Feminism. 
830 0 |a Φεμινιστική σειρά ;  |v 1